Оптимизация диагностики ЛОР-патологии у школьников с головной болью учебное пособие
Предлагаемое учебное пособие содержит алгоритм оптимизации диагностики ЛОР-патологии у школьников с головной болью, предназначенный для скрининговой диагностики вида головной боли. Может быть полезна для оториноларингологов, невропатологов, ординаторов, студентов и аспирантов в качестве учебного пос...
Сохранить в:
| Главный автор: | |
|---|---|
| Другие авторы: | , , , , , |
| Формат: | Книга |
| Язык: | Russian |
| Опубликовано: |
Красноярск
КрасГМУ им. проф. В.Ф. Войно-Ясенецкого
2018
|
| Online-ссылка: | https://e.lanbook.com/book/131405 https://e.lanbook.com/img/cover/book/131405.jpg |
| Метки: |
Добавить метку
Нет меток, Требуется 1-ая метка записи!
|
| LEADER | 02083nam0a2200325 i 4500 | ||
|---|---|---|---|
| 001 | 131405 | ||
| 003 | RuSpLAN | ||
| 005 | 20221220174039.0 | ||
| 008 | 221220s2018 ru gs 000 0 rus | ||
| 040 | |a RuSpLAN | ||
| 041 | 0 | |a rus | |
| 044 | |a ru | ||
| 080 | |a 616.21-07-057.874:616.831-009.7(075) | ||
| 084 | |a 57.336.8 |2 rubbk | ||
| 245 | 0 | 0 | |a Оптимизация диагностики ЛОР-патологии у школьников с головной болью |b учебное пособие |c Игнатова И. А.,Покидышева Л. И.,Терещенко С. Ю.,Зайцева О. И.,Эверт Л. С.,Вахрушев С. Г.,Семенова Н. Б. |
| 260 | |a Красноярск |b КрасГМУ им. проф. В.Ф. Войно-Ясенецкого |c 2018 | ||
| 300 | |a 32 с. | ||
| 504 | |a Библиогр.: доступна в карточке книги, на сайте ЭБС Лань | ||
| 520 | 8 | |a Предлагаемое учебное пособие содержит алгоритм оптимизации диагностики ЛОР-патологии у школьников с головной болью, предназначенный для скрининговой диагностики вида головной боли. Может быть полезна для оториноларингологов, невропатологов, ординаторов, студентов и аспирантов в качестве учебного пособия. | |
| 521 | 8 | |a Книга из коллекции КрасГМУ им. проф. В.Ф. Войно-Ясенецкого - Медицина | |
| 100 | 1 | |a Игнатова И. А. | |
| 700 | 1 | |a Покидышева Л. И. | |
| 700 | 1 | |a Терещенко С. Ю. | |
| 700 | 1 | |a Зайцева О. И. | |
| 700 | 1 | |a Эверт Л. С. | |
| 700 | 1 | |a Вахрушев С. Г. | |
| 700 | 1 | |a Семенова Н. Б. | |
| 856 | 4 | |u https://e.lanbook.com/book/131405 | |
| 856 | 4 | 8 | |u https://e.lanbook.com/img/cover/book/131405.jpg |
| 953 | |a https://e.lanbook.com/img/cover/book/131405.jpg | ||